Los Derechos Humanos en 1997
El IDHUCA empieza apuntando que es preocupante que El Salvador se encuentre ubicado en los primeros sitios respecto a la violación de los derechos y libertades fundamentales, según un estudio del BID publicado a inicios de 1997, y que tal hecho debe conducir a la reflexión y búsqueda de soluciones,...
Spremljeno u:
| Format: | Tekst |
|---|---|
| Teme: | |
| Oznake: |
Dodaj oznaku
Bez oznaka, Budi prvi tko označuje ovaj zapis!
|
MARC
| LEADER | 00000 a a2200000 04500 | ||
|---|---|---|---|
| 001 | 6197 | ||
| 003 | |||
| 040 | |||
| 245 | |a Los Derechos Humanos en 1997 | ||
| 520 | |a El IDHUCA empieza apuntando que es preocupante que El Salvador se encuentre ubicado en los primeros sitios respecto a la violación de los derechos y libertades fundamentales, según un estudio del BID publicado a inicios de 1997, y que tal hecho debe conducir a la reflexión y búsqueda de soluciones, más que a posiciones defensivas. Así, en este balance de lo ocurrido en materia de derechos humanos durante 1997, se analizan dos temas principales: i-. La violencia y las violaciones a los derechos humanos, donde destaca que los derechos mayormente violados han sido el respeto a la integridad personal y el de guardar el debido proceso legal |a y, ii-. Las instituciones nacionales (papel que han jugado en la defensa de los derechos humanos), o sean: la Policía Nacional Civil, el Organo Judicial y la Procuraduría para la Defensa de los Derechos Humanos. Los autores concluyen que a pesar de los datos, a paso lento se vislumbra una luz para ir logrando un mayor respeto a los derechos humanos. EBZ/mb | ||
| 650 | |a DERECHOS HUMANOS | ||
| 650 | |a VIOLENCIA | ||
| 650 | |a HOMICIDIO | ||
| 650 | |a TERRORISMO | ||
| 650 | |a CRIMENES DE GUERRA | ||
| 650 | |a POLICIA | ||
| 650 | |a PREVENCION DEL DELITO | ||
| 650 | |a MARCO INSTITUCIONAL | ||
| 773 | |g volumen 18, número 788; páginas 40-46 | ||
| 999 | |c 21632 |d 21632 | ||
